Геохимия и формирование содовых вод озера Доронинское (Восточное Забайкалье): автореферат диссертации на соискание ученой степени кандидата геолого-минералогических наук; спец. 25.00.09

Dades bibliogràfiques
Autor principal: Борзенко С. В. Светлана Владимировна
Autor corporatiu: Российская академия наук (РАН) Сибирское отделение (СО) Институт природных ресурсов, экологии и криологии
Altres autors: Замана Л. В. Леонид Васильевич (научный руководитель)
Sumari:Защита сост. 27.03.2012 г.
Idioma:rus
Publicat: Томск, 2012
Matèries:
Format: MixedMaterials Llibre
KOHA link:https://koha.lib.tpu.ru/cgi-bin/koha/opac-detail.pl?biblionumber=212709

MARC

LEADER 00000nam0a2200000 4500
001 212709
005 20231101225756.0
035 |a (RuTPU)RU\TPU\book\232381 
090 |a 212709 
100 |a 20120329d2012 k y0rusy50 ca 
101 0 |a rus 
102 |a RU 
105 |a a dm 001zy 
200 1 |a Геохимия и формирование содовых вод озера Доронинское (Восточное Забайкалье)  |e автореферат диссертации на соискание ученой степени кандидата геолого-минералогических наук  |e спец. 25.00.09  |f С. В. Борзенко  |g Российская академия наук (РАН), Сибирское отделение (СО), Институт природных ресурсов, экологии и криологии ; науч. рук. Л. В. Замана 
210 |a Томск  |d 2012 
215 |a 19 с.  |c ил. 
300 |a Защита сост. 27.03.2012 г. 
320 |a Библиогр.: с. 18-19 (24 назв.). 
452 1 |0 (RuTPU)RU\TPU\book\230060  |t Геохимия и формирование содовых вод озера Доронинское (Восточное Забайкалье)  |o автореферат диссертации на соискание ученой степени кандидата геолого-минералогических наук  |o спец. 25.00.09   |f С. В. Борзенко   |g Российская академия наук (РАН), Сибирское отделение (СО), Институт природных ресурсов, экологии и криологии ; науч. рук. Л. В. Замана  |c Томск  |d 2012  |a Борзенко , Светлана Владимировна  
606 1 |a Содовые озера  |x Гидрохимия  |2 stltpush  |3 (RuTPU)RU\TPU\subj\71510  |9 85386 
610 1 |a содовые воды 
610 1 |a происхождение 
610 1 |a геохимия 
610 1 |a исследования 
610 1 |a природные условия 
610 1 |a Забайкалье 
610 1 |a озеро Доронинское 
610 1 |a химический состав 
610 1 |a солевое питание 
610 1 |a источники 
610 1 |a микробиологические процессы 
610 1 |a сера 
610 1 |a геохимические превращения 
610 1 |a авторефераты диссертаций 
675 |a 556.551(04)  |v 3 
686 |a 25.00.09  |2 oksvnk 
700 1 |a Борзенко  |b С. В.  |g Светлана Владимировна 
702 1 |a Замана  |b Л. В.  |g Леонид Васильевич  |4 727 
712 0 2 |a Российская академия наук (РАН)  |b Сибирское отделение (СО)  |b Институт природных ресурсов, экологии и криологии  |2 stltpush  |3 (RuTPU)RU\TPU\col\17858 
801 1 |a RU  |b 63413507  |c 20120329 
801 2 |a RU  |b 63413507  |c 20120627  |g RCR 
942 |c BK